Péče o nezaměstnané ve Výmarské republice v mezinárodní perspektivě

Problematika nemeckého poistenia v nezamestnanosti v Nemecku. Historický pohľad na nástroje sociálnej politiky v Nemecku.

Na minha lista:
Detalhes bibliográficos
Autor principal: Rákosník, Jakub
Formato: Capítulo de Livro
Idioma:tcheco
Assuntos:
Tags: Adicionar Tag
Sem tags, seja o primeiro a adicionar uma tag!

MARC

LEADER 00000naa$a2200000$$$4500
001 0093295
005 20231116104830.2
041 0 |a cze 
044 |a CZ 
245 1 0 |a Péče o nezaměstnané ve Výmarské republice v mezinárodní perspektivě  |c Jakub Rákosník 
520 |a Problematika nemeckého poistenia v nezamestnanosti v Nemecku. Historický pohľad na nástroje sociálnej politiky v Nemecku. 
610 2 0 |a nezamestnanosť 
610 2 0 |a politika sociálna 
610 2 0 |a zabezpečenie sociálne 
610 2 0 |a história 
610 2 0 |a Nemecko 
610 2 0 |a trh práce 
100 1 |a Rákosník, Jakub